|
|
|
|
| LEADER |
01426nam a2200337 a 4500 |
| 001 |
AAL 1422 |
| 003 |
BD-DhAAL |
| 005 |
20160209170512.0 |
| 008 |
150202s1995 caua b 001 0 eng |
| 010 |
|
|
|a 94005112
|
| 020 |
|
|
|a 1565102231 (LIB.)
|
| 020 |
|
|
|a 1565102223 (PAP)
|
| 040 |
|
|
|a DLC
|c DLC
|d DLC
|d BD-DhAAL
|
| 050 |
0 |
0 |
|a E744
|b .I695 1995
|
| 082 |
0 |
0 |
|a 327.73
|2 20
|
| 245 |
0 |
0 |
|a Isolationism :
|b opposing viewpoints /
|c John C. Chalberg, book editor.
|
| 260 |
|
|
|a San Diego :
|b Greenhaven Press,
|c c1995.
|
| 300 |
|
|
|a 312 p. :
|b ill. ;
|c 23 cm.
|
| 490 |
1 |
|
|a American history series
|
| 504 |
|
|
|a Includes bibliographical references (p. 298-305) and index.
|
| 541 |
|
|
|e 1422
|
| 650 |
|
0 |
|a Isolationism
|z United States
|x History
|y 20th century.
|9 7800
|
| 650 |
|
0 |
|a Isolationism
|z United States
|x History
|y 20th century
|x Sources.
|9 7801
|
| 651 |
|
0 |
|a United States
|x Foreign relations
|y 20th century.
|9 7802
|
| 651 |
|
0 |
|a United States
|x Foreign relations
|y 20th century
|x Sources.
|9 7803
|
| 700 |
1 |
|
|a Chalberg, John.
|9 7804
|
| 830 |
|
0 |
|a American history series (San Diego, Calif.)
|9 7805
|
| 942 |
|
|
|2 ddc
|c BK
|
| 999 |
|
|
|c 33551
|d 33551
|
| 952 |
|
|
|0 0
|1 0
|2 ddc
|4 0
|6 327_730000000000000_ISO
|7 0
|9 52412
|a SCL
|b SCL
|c GEN
|d 2015-02-02
|l 0
|o 327.73 ISO
|p 3020001422
|r 2015-02-02
|t 1
|w 2015-02-02
|y BK
|
| 952 |
|
|
|0 0
|1 0
|2 ddc
|4 0
|6 327_730000000000000_ISO
|7 0
|9 52458
|a SCL
|b SCL
|c GEN
|d 2015-02-04
|l 0
|o 327.73 ISO
|p 3020001421
|r 2015-02-04
|t 2
|w 2015-02-04
|y BK
|